00678cam a22002171 450000100060000000300080000600500170001400800390003103500190007003500180008904000440010704100080015108200170015910000210017624500810019726000380027830000400031650400310035660000280038765000450041517595BD-RjUL20211209000150.0140217s1967 enkf b 000 0 eng a(BD-RjUL)17653 a(OCoLC)784219 aDLCcMMeTdOCoLCdUkdDLCdBD-RjULbeng aeng a809.293bMAP1 aMatthews, Honor.14aThe primal curse: the myth of Cain and Abel in the theatre /cHonor Matthews aLondon :bChatto & Windus,c1967. a221 p. :bfront., 2 plates.c23 cm. aBibliographical footnotes.00aCainc(Biblical figure) 0aComparative literaturexThemes, motives.